000 00348nam a2200157Ia 4500
003 OSt
005 20240311121754.0
008 170523s9999 xx 000 0 und d
020 _a978-0070516465
040 _ciimtu meerut
100 _aRAY- BRONSTEIN
245 0 _aTEAMING UP
260 _bTATA MC GRAW HILL
260 _c1995
942 _2ddc
_c02
999 _c1359
_d1359